| 000 | 01127cam a22003137a 4500 | ||
|---|---|---|---|
| 003 | CHAP | ||
| 005 | 20220329134834.0 | ||
| 008 | 971013s1982 r 00010 d | ||
| 010 | _a26752 | ||
| 011 | _a27724 | ||
| 035 | _a31825 | ||
| 040 | _cCHAP | ||
| 082 |
_a382.0972 _bI58 |
||
| 110 |
_aInstituto Mexicano de Comercio Exterior _959249 |
||
| 245 | 1 | 3 | _aLa compañía de comercio de Francisco Ignacio de Yraeta (1767-1797) |
| 260 |
_aMéxico, D.F. : _bInstituto Mexicano de Comercio Exterior, _c1982 |
||
| 300 |
_a2 v. _b: ilus |
||
| 505 | _aContenido.- v.1 cinco ensayos.- v.2 Apéndices | ||
| 590 |
_aBATCH-UPD _b10 _c20130110 _lUCH01 _h1621 |
||
| 590 |
_aBATCH-UPD _b10 _c20130410 _lUCH01 _h1015 |
||
| 590 |
_aBATCH-UPD _b10 _c20130914 _lUCH01 _h1013 |
||
| 590 |
_aCONVERSION _b10 _c20130109 _lUCH01 _h1315 |
||
| 650 | 1 | 4 |
_aComercio _xHistoria _xMéxico. _925612 |
| 700 | 0 |
_aYraeta, Francisco Ignacio de. _9123260 |
|
| 901 | _aBK | ||
| 942 | _cLIBRO | ||
| 949 |
_a382.0972 I58 _bBC _cLIBRO _d33724000431961 _eLIBRO _fv.2 _h68416 _i31825 _mD _si |
||
| 949 |
_a382.0972 I58 _bBC _cLIBRO _d33724000432027 _eLIBRO _fv.1 _h68415 _i31825 _mD _si |
||
| 999 |
_c26752 _d26752 |
||